[Event "A nao....agora tu vai ve..."]
[Site "http://www.queenalice.com/game.php?id=414744"]
[Date "2008.6.8"]
[Round "-"]
[White "espiga"]
[Black "roquefrizzo"]
[Result "0-1"]
[WhiteElo "1383"]
[BlackElo "1475"]

1. e4 e5 2. Nf3 d6 3. Bc4 Qf6 4. d3 d5 5. Bxd5 Bg4 6. Bxb7 Bc5 7. h3 Bxf3 8.
Qxf3 Qb6 9. Bxa8 Na6 10. Bd5 Nf6 11. Bg5 Qxb2 12. O-O Qxa1 13. Bxf6 gxf6 14.
Qxf6 O-O 15. Qxa6 Rb8 16. Nd2 Qc3 17. Nf3 Qxc2 18. Qxa7 Rb1 19. Qa8+ Kg7 20.
Rxb1 Bxf2+ 21. Kf1 Bg3 22. Qa7 Qxd3+ 23. Kg1 Qxb1+ 24. Ne1 Qxe1# 0-1

[Event "QA-ANNIV-04"]
[Site "http://www.queenalice.com/game.php?id=418341"]
[Date "2008.6.16"]
[Round "1"]
[White "espiga"]
[Black "vishnu"]
[Result "0-1"]
[WhiteElo "1396"]
[BlackElo "1487"]

1. e4 e5 2. Qh5 Nf6 3. Qxe5+ Be7 4. Bc4 O-O 5. Qg3 Nxe4 6. Qg4 d5 7. Qe2 c6 8.
Bd3 Bf5 9. Bxe4 Bxe4 10. f3 Bxc2 11. Nc3 Re8 12. Qf1 Bh4# 0-1

[Event "...Não desanima Espiga"]
[Site "http://www.queenalice.com/game.php?id=420270"]
[Date "2008.6.19"]
[Round "-"]
[White "espiga"]
[Black "manica76"]
[Result "1-0"]
[WhiteElo "1360"]
[BlackElo "1414"]

1. e4 e5 2. Qh5 c6 3. Qxe5+ Be7 4. Qxg7 Bf6 5. Qg3 d6 6. Bc4 Be6 7. Bxe6 fxe6 8.
c3 e5 9. c4 c5 10. Nc3 Ne7 11. Qf3 Nd7 12. d3 Qc7 13. Qh5+ Kd8 14. Bg5 Bxg5 15.
Qxg5 Qa5 16. Ne2 h6 17. Qg7 Re8 18. Qxh6 Nb6 19. Qxd6+ Nd7 20. O-O Nc8 21. Qg6
a6 22. Qg5+ Ne7 23. f4 Qc7 24. f5 Qd6 25. Qg7 Qxd3 26. Rad1 Qe3+ 27. Kh1 Rg8 28.
Qh7 Qg5 29. g3 Kc7 30. f6 Ng6 31. Qxd7+ Kb6 32. Rd6+ Ka5 33. Qa4# 1-0

[Event "HA NAO....AGORA TU VAI VE!!!"]
[Site "http://www.queenalice.com/game.php?id=422554"]
[Date "2008.6.24"]
[Round "-"]
[White "roquefrizzo"]
[Black "espiga"]
[Result "1-0"]
[WhiteElo "1487"]
[BlackElo "1371"]

1. e4 e5 2. Qh5 Qe7 3. Nf3 Nf6 4. Qxe5 Qxe5 5. Nxe5 Nxe4 6. Bc4 Ng5 7. d3 f6 8.
Bxg5 fxe5 9. O-O Nc6 10. Re1 d6 11. f4 Nd4 12. Nc3 Nxc2 13. Nd5 Rb8 14. fxe5
Nxa1 15. exd6+ Kf7 16. Nf4+ Be6 17. Bxe6+ Ke8 18. d7# 1-0

[Event "Challenge"]
[Site "http://www.queenalice.com/game.php?id=422695"]
[Date "2008.6.24"]
[Round "-"]
[White "RicardoFialho"]
[Black "espiga"]
[Result "1-0"]
[WhiteElo "1246"]
[BlackElo "1360"]

1. e4 e5 2. Nf3 f6 3. Bc4 Ne7 4. Nc3 Ng6 5. d3 a6 6. O-O h6 7. Be3 Bb4 8. Qd2 b5
9. Bb3 Bxc3 10. Qxc3 a5 11. a4 b4 12. Qc4 Qe7 13. Qxc7 Na6 14. Qxa5 d6 15. Qb6
f5 16. Qc6+ Qd7 17. Qxa8 f4 18. Bd2 h5 19. Bc4 Nc7 20. Qb8 h4 21. Bb5 Nxb5 22.
Qxb5 Ke7 23. Qxd7+ Bxd7 24. Bxb4 Nf8 25. a5 Bc6 26. a6 Ne6 27. Bc3 g5 28. Bxe5
Rg8 29. Bd4 g4 30. Nxh4 Nxd4 31. Nf5+ Nxf5 32. exf5 f3 33. g3 Rf8 34. Ra3 Rxf5
35. a7 Rf8 36. Rfa1 Ra8 37. b4 Kd7 38. h4 Kc7 39. h5 Bd5 40. h6 Bg8 41. Ra5 d5
42. Re1 Kd7 43. b5 Kc7 44. Re7+ Kb6 45. Ra1 Kxb5 46. Rg7 Be6 47. h7 Kb4 48. Rb1+
Ka3 49. Rb8 Rxb8 50. axb8=Q Ka2 51. Ra7# 1-0

[Event "Ó, ó, ó...só com um braço.."]
[Site "http://www.queenalice.com/game.php?id=425831"]
[Date "2008.7.1"]
[Round "-"]
[White "roquefrizzo"]
[Black "espiga"]
[Result "1-0"]
[WhiteElo "1460"]
[BlackElo "1378"]

1. e4 e5 2. Qh5 Nc6 3. Bb5 Qf6 4. Nf3 Nb4 5. Bd3 g6 6. Qxe5+ Be7 7. Qxc7 b6 8.
e5 Qe6 9. Be4 Na6 10. Qc3 d5 11. Nd4 Qxe5 12. Qc6+ Bd7 13. Qxa8+ Bd8 14. Nc6 Qc7
15. Bxd5 Bxc6 16. Qxc6+ Kf8 17. Qc3 f6 18. O-O Ne7 19. Qa3 Nc5 20. Nc3 Kg7 21.
d4 Nd7 22. Nb5 Qxc2 23. Qh3 h5 24. Qxd7 g5 25. Re1 Kh6 26. h4 Nf5 27. hxg5+ fxg5
28. Re6+ Bf6 29. Rxf6# 1-0

[Event "Challenge"]
[Site "http://www.queenalice.com/game.php?id=426402"]
[Date "2008.7.2"]
[Round "-"]
[White "PedroIvo"]
[Black "espiga"]
[Result "1-0"]
[WhiteElo "1147"]
[BlackElo "1365"]

1. e4 e5 2. d4 Qh4 3. Nd2 exd4 4. Ngf3 Qf6 5. Bd3 Bb4 6. O-O Bd6 7. c3 Qg6 8. g3
dxc3 9. bxc3 Nc6 10. Nc4 h5 11. h4 Bc5 12. e5 d5 13. Bxg6 fxg6 14. Qxd5 Nge7 15.
Qxc5 Bf5 16. Bg5 O-O-O 17. Bxe7 Rd7 18. Bg5 Bd3 19. e6 Rd6 20. Nxd6+ cxd6 21.
Qxd6 Rd8 22. Bxd8 Nxd8 23. e7 Bxf1 24. Qxd8# 1-0

[Event "...The Empire strike back."]
[Site "http://www.queenalice.com/game.php?id=429209"]
[Date "2008.7.7"]
[Round "-"]
[White "espiga"]
[Black "manica76"]
[Result "1-0"]
[WhiteElo "1365"]
[BlackElo "1409"]

1. d4 e5 2. e4 d6 3. d5 Be7 4. Bb5+ Bd7 5. c4 Bxb5 6. cxb5 Nf6 7. Nc3 O-O 8. h3
c5 9. h4 a5 10. h5 Nbd7 11. h6 g6 12. f3 Nh5 13. Be3 Ng3 14. Rh3 Bh4 15. f4
Nxe4+ 16. Ke2 Nxc3+ 17. bxc3 Re8 18. f5 gxf5 19. Nf3 f4 20. Nxh4 fxe3 21. Kxe3
Kh8 22. Nf5 Qg5+ 23. Ke4 Qxg2+ 24. Qf3 Qc2+ 25. Qd3 Qg2+ 26. Rf3 Nf6+ 27. Ke3
Ng4+ 28. Ke4 c4 29. Qd1 Nf2+ 30. Ke3 Nxd1+ 31. Rxd1 Qxa2 32. Rg1 Qc2 33. Nxd6 e4
34. Nxf7# 1-0

[Event "Silêncio, movimento ...CHEQUE M"]
[Site "http://www.queenalice.com/game.php?id=430053"]
[Date "2008.7.9"]
[Round "-"]
[White "espiga"]
[Black "roquefrizzo"]
[Result "0-1"]
[WhiteElo "1400"]
[BlackElo "1473"]

1. d4 e6 2. e4 Qh4 3. Qf3 Nf6 4. Bd3 Ng4 5. Be3 Bd6 6. e5 Nxe3 7. Qxe3 Be7 8.
Nf3 Qh6 9. Nc3 a6 10. d5 b5 11. d6 cxd6 12. Be4 d5 13. Bd3 b4 14. Na4 Bb7 15.
Nd4 Bg5 16. Qe2 Nc6 17. Nf3 Bf4 18. g3 Bxe5 19. Nxe5 Nd4 20. Qd2 Nb3 21. axb3 d4
22. Rf1 Qxh2 23. Qxb4 Bg2 24. Qd6 Rd8 25. Nf3 Bxf3 26. Kd2 h5 27. Nc5 h4 28.
gxh4 Qxd6 29. b4 Qf4+ 30. Ke1 Rxh4 31. Nxa6 Qe5+ 32. Kd2 Re4 33. Nc5 Re2+ 34.
Bxe2 Qxe2+ 35. Kc1 Qxf1+ 36. Kd2 Qe2+ 37. Kc1 Qd1# 0-1

[Event "Challenge"]
[Site "http://www.queenalice.com/game.php?id=432546"]
[Date "2008.7.13"]
[Round "-"]
[White "espiga"]
[Black "PedroIvo"]
[Result "0-1"]
[WhiteElo "1446"]
[BlackElo "1422"]

1. e4 e5 2. Qh5 d6 3. Bc4 g6 4. Qf3 Nf6 5. d3 Nbd7 6. Bb5 a6 7. Bxd7+ Bxd7 8. h3
Qe7 9. Nc3 O-O-O 10. Nge2 Bg7 11. Bg5 h6 12. Bxf6 Bxf6 13. Nd5 Qe6 14. Nxf6 d5
15. exd5 Qb6 16. b3 Qa5+ 17. c3 Qa3 18. Qe3 Qd6 19. Qa7 c6 20. Nxd7 Rxd7 21.
dxc6 Qxc6 22. Qa8+ Kc7 23. Qxh8 Qxg2 24. O-O-O Qg5+ 25. Kb2 f6 0-1

[Event "Darth Vader tropeçou na capa..."]
[Site "http://www.queenalice.com/game.php?id=434400"]
[Date "2008.7.16"]
[Round "-"]
[White "manica76"]
[Black "espiga"]
[Result "0-1"]
[WhiteElo "1405"]
[BlackElo "1383"]

1. e4 e5 2. Nf3 d6 3. Bb5+ Bd7 4. Bxd7+ Qxd7 5. b4 Qg4 6. O-O Qxe4 7. d4 d5 8.
Nxe5 Qf5 9. Re1 Be7 10. Nc3 c6 11. Ba3 b5 12. Re3 Nd7 13. Qd2 Nh6 14. Rae1 O-O
15. Nxd7 Qxd7 16. Rxe7 Qd6 17. R1e5 Qf6 18. Rc7 Rae8 19. Nd1 Ng4 20. Rg5 Qe6 21.
h3 Qe1+ 0-1

[Event "Challenge"]
[Site "http://www.queenalice.com/game.php?id=435384"]
[Date "2008.7.18"]
[Round "-"]
[White "roquefrizzo"]
[Black "espiga"]
[Result "0-1"]
[WhiteElo "1495"]
[BlackElo "1387"]

1. e4 e5 2. Qh5 Qf6 3. Nf3 Nc6 4. Ng5 g6 5. Nxh7 Qf4 6. Qg5 Rxh7 7. Nc3 Qxg5 8.
Nd5 Bd6 9. d3 Qd8 10. a3 Bc5 11. b4 Bd4 12. c3 Bxc3+ 13. Nxc3 d6 14. h4 Rxh4 15.
Rxh4 Qxh4 16. Nd5 Qd8 17. b5 Nd4 18. Rb1 Be6 19. Ne3 Qf6 20. Nd5 Bxd5 21. exd5
Nh6 22. Bxh6 Nc2+ 23. Kd2 Qxf2+ 24. Kc3 Qc5+ 25. Kd2 Nxa3 26. Rb3 Qc2+ 27. Ke3
Qxb3 28. Kf3 O-O-O 29. Bg5 Rh8 30. b6 Qxb6 31. Bc1 Nc2 32. g4 Rh1 33. Kg2 Qg1+
34. Kf3 Qxf1+ 35. Ke4 Qxc1 36. g5 Qe3# 0-1

[Event "manica76"]
[Site "http://www.queenalice.com/game.php?id=437124"]
[Date "2008.7.22"]
[Round "1"]
[White "espiga"]
[Black "roquefrizzo"]
[Result "1-0"]
[WhiteElo "1407"]
[BlackElo "1475"]

1. e4 Nf6 2. Nc3 d5 3. exd5 Nxd5 4. Qf3 Nb4 5. Qe4 c5 6. a3 N4c6 7. Bb5 f5 8.
Qe5 Qd4 9. Qc7 Nd7 10. Nf3 Qd6 11. Qxd6 exd6 12. Nd5 Kd8 13. Ng5 Nb6 14. Nf7+
Kd7 15. Nxh8 Nxd5 16. Nf7 Ke6 17. Ng5+ Ke5 18. Bxc6 bxc6 19. Nxh7 Be7 20. O-O
Ba6 21. Re1+ Kf4 22. d3+ Kg4 23. c4 Nf4 24. Rxe7 Kh5 25. Bxf4 Kg6 26. Ng5 Rh8
27. Rae1 Kh5 28. Rxg7 Kg4 29. Ne6+ Kh4 30. Rg3 Re8 31. Bg5+ Kh5 32. Ng7+ Kg6 33.
Nxe8 f4 34. Bxf4+ Kf5 35. Bxd6 Bxc4 36. dxc4 a5 37. Re7 a4 38. Rf3+ Kg6 39. Rg7+
1-0

[Event "Challenge"]
[Site "http://www.queenalice.com/game.php?id=437588"]
[Date "2008.7.23"]
[Round "-"]
[White "espiga"]
[Black "Lestat"]
[Result "1-0"]
[WhiteElo "1424"]
[BlackElo "1562"]

1. d4 d5 2. h3 Bf5 3. Nf3 Nc6 4. e3 a6 5. a3 e6 6. Bd3 Bxd3 7. Qxd3 Nf6 8. Qb3
Na5 9. Qd3 Bd6 10. Bd2 Nc4 11. b3 Nxd2 12. Nbxd2 c5 13. dxc5 Bxc5 14. c4 dxc4
15. Qxc4 Rc8 16. Qa4+ Qd7 17. Ne4 Qxa4 18. Nxf6+ gxf6 19. bxa4 O-O 20. O-O Ba7
21. Rab1 b6 22. Rfd1 Rfd8 23. Nd4 e5 24. Nf5 Rxd1+ 25. Rxd1 Re8 26. Rd6 Bb8 27.
Rxb6 e4 28. Rxa6 Rd8 29. f4 exf3 30. gxf3 Rd1+ 31. Kf2 Rd2+ 32. Ke1 Rd3 33. Ra8
Rb3 34. a5 h6 35. a6 Kh7 36. a7 Be5 37. Rd8 1-0

[Event "QA-ANNIV-04"]
[Site "http://www.queenalice.com/game.php?id=445634"]
[Date "2008.8.8"]
[Round "2"]
[White "espiga"]
[Black "mg23campos"]
[Result "0-1"]
[WhiteElo "1426"]
[BlackElo "1773"]

1. d4 e6 2. a3 Nc6 3. Nc3 Nf6 4. Bf4 a6 5. Bg5 h6 6. Bxf6 Qxf6 7. d5 Nd4 8. Ne4
Qe5 9. Qd3 Bc5 10. Nxc5 d6 11. c3 Nc2+ 12. Qxc2 dxc5 13. Nf3 Qxd5 14. c4 Qd6 15.
Rd1 Qb6 16. Rd3 Bd7 17. Ne5 Qa5+ 18. Qc3 Qxc3+ 19. Rxc3 Ba4 20. e3 Rd8 21. Be2
g5 22. Bh5 Rf8 23. O-O Ke7 24. Bf3 Rg8 25. Bxb7 h5 26. Bc6 f6 27. Nd3 Bxc6 28.
Nxc5 h4 29. Nxa6 f5 30. Nxc7 g4 31. g3 Rd2 32. b4 hxg3 33. fxg3 Rg2+ 34. Kh1
Rc2+ 35. Kg1 Rxc3 36. b5 Bb7 37. b6 Rxe3 38. a4 Rd8 39. Nb5 Rd2 40. Rb1 Rg2+ 41.
Kf1 Rxh2 42. Re1 Rxg3 43. Nd4 Rh1+ 44. Kf2 Rg2+ 45. Ke3 Rxe1+ 46. Kd3 Re4 47. c5
Rg3+ 48. Kc4 Bd5+ 49. Kb5 Rxd4 50. a5 Rb3+ 51. Ka6 Bc4+ 52. Ka7 Rd7+ 53. Kb8 Rb5
54. a6 Bd5 55. b7 Rxc5 56. Ka7 Rcc7 57. Kb8 Bxb7 58. axb7 Rxb7+ 59. Ka8 Ra7+ 60.
Kb8 Ra1 61. Kc8 Rd2 0-1

[Event "Amigos do Mânic"]
[Site "http://www.queenalice.com/game.php?id=470848"]
[Date "2008.9.30"]
[Round "1"]
[White "espiga"]
[Black "manica76"]
[Result "0-1"]
[WhiteElo "1454"]
[BlackElo "1456"]

1. e4 e5 2. Qh5 Nf6 3. Qxe5+ Be7 4. d4 d6 5. Qb5+ Nc6 6. d5 O-O 7. dxc6 Rb8 8.
Bc4 Nxe4 9. Nf3 Bf6 10. Bd3 Re8 11. O-O h6 12. Re1 Ng5 13. Nxg5 Rxe1+ 14. Bf1
Rxc1 15. c3 Bxg5 16. Qd5 b6 17. c4 Be6 18. Qf3 Bxc4 19. Nd2 Rxa1 20. Nxc4 Qe7
0-1